| 000 | 01113nam a22002295i 4500 | ||
|---|---|---|---|
| 001 | 162928 | ||
| 003 | ES-MaACL | ||
| 005 | 20240201133420.0 | ||
| 008 | 140908s2010 sp |||| | spa d | ||
| 080 | _a373.5(460.183 P.)(091) | ||
| 245 | 0 | 0 |
_aDel Instituto Provincial de 2ª Enseñanza al Instituto General y Técnico : _buna visión histórica a través de sus documentos, Palencia (1845-1923). / _cJ. Coria (coord.). |
| 260 |
_a[Palencia] : _bI.E.S. Jorge Manrique, _cD.L. 2010. |
||
| 300 |
_a2 v. : _bil. ; _c32 cm. |
||
| 505 | 8 | _aContiene: V. I: El edificio, los profesores -- V. II: Los alumnos, los dependientes. | |
| 610 | 2 | 4 |
_aInstituto de Educación Secundaria Jorge Manrique (Palencia)- _vHistoria. _9155424 |
| 700 | 1 |
_aCoria Colino, Jesús I. ( _d1954-) _9155425 |
|
| 852 |
_aES-MaACL _jA-13230 _pv.1 _91069074 _bR.150065 _cDEPO1 _dOlim: N-6230 _hDonación: Carlos París |
||
| 852 |
_aES-MaACL _jA-13231 _pv.2 _9200815 _bR.150065 _cDEPO1 _dOlim: N-6231 _hDonación: Carlos París |
||
| 903 |
_aParís, Carlos, _d1925-2014 _ednr _q1 _989133 |
||
| 942 |
_2udc _cMONOGRAFIA |
||
| 999 |
_c162928 _d162928 |
||